000 00940nam a22002297a 4500
008 240625b mp ||||| |||| 00| 0 mon d
020 _a978-99973-1-603-5
035 _a21147
040 _aGA0182080
_bmon
_cMN-UlNLM
_dMN-UlNLM
_erda
041 _amon
042 _a95251
084 _2NNA
_a84(4)
_bФ.131
100 _aФавилли Э., Франческа К.
245 0 _aТэрслүү охидод зориулсан бяцхан түүхүүд 2
264 _aУлаанбаатар
_bМонсудар ХГ
_c2019
300 _a212х.
336 _2rdacontent
_atext
_btxt
337 _2rdamedia
_aunmediated
_bn
338 _2rdacarrier
_avolume
_bnc
650 _aНью-Йорк Таймсын дуулиан тарьсан бестселлерийн хоёр дахь боть дэлхийн өнцөг булан бүрд аж төрж буй охидод,том мөрөөдөж, илүүд зо...
942 _2NNA
_cBK
999 _c1042825
_d1042882